Statistics for Countries that Visit Indonesia the Most

Click here to take the quiz!

General Stats

  • This quiz has been taken 926 times
    (884 since last reset)
  • The average score is 17 of 20

Answer Stats

No. of TouristsCountry% Correct
2.9 mMalaysia
98%
0.45 mUnited States
97%
2.1 mChina
96%
1.3 mAustralia
95%
0.5 mJapan
93%
0.6 mIndia
92%
1.9 mSingapore
91%
0.13 mThailand
91%
0.39 mUnited Kingdom
91%
0.38 mSouth Korea
87%
0.28 mFrance
85%
0.27 mGermany
83%
0.26 mPhilippines
82%
0.15 mRussia
82%
0.1 mCanada
79%
0.14 mNew Zealand
79%
0.15 mSaudi Arabia
68%
1.2 mEast Timor
67%
0.20 mTaiwan
65%
0.20 mNetherlands
63%

Score Distribution

Percentile by Number Answered

Percent of People with Each Score

Your Score History

You have not taken this quiz since the last reset